000 00457nam a2200181Ia 4500
001 3556
005 20260306145652.0
008 260306t2009||||xx |||||||||||||| ||spa||
041 _aESP
082 _a289.07
_bB41
100 _aBellini, Luciano (comp.)
_eAUT
245 0 _aPalabras de liberación:
_bdiscursos y homilías de Monseñor Leonidas Proaño
260 _c2009
300 _a
_c
650 _aGEN
654 _aCHU
942 _cLIB
_dJUS
_fJUS
_2ddc
_n
999 _c3556
_d3556